00521nam a2200145Ia 4500008004100000020001800041100002100059245004500080260003900125440002500164650002600189856004500215999001900260952009600279171212s9999 xx 000 0 und d a9780874217469 aWhitmarsh, Jason cWhitmarsh, JasonaTomorrow's Living Room bUniversity Press of Coloradoc2009 aSwenson Poetry Award aLanguage & Literature uwww.jstor.org/stable/10.2307/j.ctt4cgmsf c353183d353183 001040aCLbCLd2017-12-12l0oPS3623.H58548T66 2009r2017-12-12 00:00:00w2017-12-12yCBE